[Event "CRO-chT2 West"]
[Site "Croatia"]
[Date "2010.03.28"]
[Round "2.45"]
[White "Troselj, Teo"]
[Black "Dubrovic, Mihovil"]
[Result "1-0"]
[WhiteElo "2081"]
[BlackElo "1854"]
[PlyCount "127"]
[EventDate "2010.03.27"]
[EventType "team-tourn"]
[EventRounds "9"]
[EventCountry "CRO"]
[SourceTitle "EXT 2012"]
[Source "ChessBase"]
[SourceDate "2011.11.24"]
[SourceVersion "1"]
[SourceVersionDate "2011.11.24"]
[SourceQuality "1"]

1. d4 Nf6 2. Nf3 e6 3. g3 b6 4. Bg2 Bb7 5. 0-0 d5 6. c4 Be7 7. cxd5 Bxd5 8. Nc3 Bb7 9. Qa4+ Bc6 10. Qc2 0-0 11. Rd1 Qc8 12. e4 Rd8 13. Bg5 h6 14. e5 hxg5 15. Nxg5 Bxg2 16. Kxg2 g6 17. exf6 Bxf6 18. Qe4 Na6 19. Qf4 Bxg5 20. Qxg5 Qb7+ 21. Kg1 Nb4 22. Rac1 Qf3 23. Qe3 Qf5 24. Rd2 Rd7 25. a3 Nd5 26. Nxd5 Qxd5 27. Rdc2 Rc8 28. Qe5 Qxe5 29. dxe5 c5 30. b4 Rd3 31. Rc3 Rxc3 32. Rxc3 c4 33. b5 Rc5 34. a4 Rxe5 35. Rxc4 Re1+ 36. Kg2 Ra1 37. g4 g5 38. Kg3 Kg7 39. h4 Ra3+ 40. f3 gxh4+ 41. Kxh4 Kg6 42. Kg3 Ra1 43. Kf4 Kf6 44. Ke4 Ra2 45. f4 Ra1 46. g5+ Kg6 47. Ke5 Kg7 48. Kd6 Kg6 49. Kc7 Rd1 50. Kb7 Rd7+ 51. Rc7 Rxc7+ 52. Kxc7 Kf5 53. Kb7 Kxf4 54. Kxa7 e5 55. a5 bxa5 56. b6 e4 57. b7 e3 58. b8Q+ Kf3 59. Qb3 a4 60. Qxf7+ Kg2 61. g6 e2 62. g7 e1Q 63. g8Q+ Kh3 64. Qf3+ 1-0

[Event "EU-ch 11th"]
[Site "Rijeka"]
[Date "2010.03.17"]
[Round "11"]
[White "Gradiser, Dragoljub"]
[Black "Dubrovic, Mihovil"]
[Result "1-0"]
[WhiteElo "1954"]
[BlackElo "1849"]
[PlyCount "91"]
[EventDate "2010.03.06"]
[EventType "swiss"]
[EventRounds "11"]
[EventCountry "CRO"]
[SourceTitle "CBM 136"]
[Source "ChessBase"]
[SourceDate "2010.05.18"]
[SourceVersion "1"]
[SourceVersionDate "2010.05.18"]
[SourceQuality "1"]

1. e4 e5 2. Nf3 Nc6 3. Bb5 Nge7 4. c3 d6 5. d4 Bd7 6. 0-0 Ng6 7. Re1 Be7 8. Nbd2 0-0 9. d5 Nb8 10. Bc4 Bc8 11. Nf1 Nd7 12. h3 Bh4 13. g3 Be7 14. Ne3 Nc5 15. Nf5 Bf6 16. g4 Nh4 17. N5xh4 Bxh4 18. g5 Bxf2+ 19. Kxf2 f5 20. Bd3 fxe4 21. Bxe4 Nxe4+ 22. Rxe4 Bf5 23. Qe2 Bxe4 24. Qxe4 Qd7 25. Kg2 g6 26. Bd2 Qb5 27. b4 a5 28. a4 Qd7 29. b5 Rf7 30. Nh2 Qf5 31. Qxf5 gxf5 32. h4 Re8 33. Re1 Kg7 34. h5 Ref8 35. c4 Ra8 36. Kg3 c6 37. c5 cxd5 38. cxd6 f4+ 39. Kg4 Re8 40. Rxe5 Ref8 41. Nf3 Rc8 42. Rxd5 b6 43. d7 Rd8 44. Ne5 Re7 45. Kxf4 Kg8 46. Be3 1-0

[Event "EU-ch 11th"]
[Site "Rijeka"]
[Date "2010.03.14"]
[Round "8"]
[White "Schweitzer, Werner"]
[Black "Dubrovic, Mihovil"]
[Result "1-0"]
[WhiteElo "2069"]
[BlackElo "1849"]
[PlyCount "109"]
[EventDate "2010.03.06"]
[EventType "swiss"]
[EventRounds "11"]
[EventCountry "CRO"]
[SourceTitle "CBM 136"]
[Source "ChessBase"]
[SourceDate "2010.05.18"]
[SourceVersion "1"]
[SourceVersionDate "2010.05.18"]
[SourceQuality "1"]

1. e4 e5 2. Bc4 Nc6 3. Nc3 Bc5 4. Qg4 g6 5. Qg3 d6 6. Nf3 Nf6 7. d3 h6 8. Nh4 g5 9. Nf5 Bxf5 10. exf5 Nd4 11. Bb3 Qd7 12. Ne4 Qxf5 13. Nxc5 dxc5 14. Ba4+ b5 15. c3 bxa4 16. cxd4 cxd4 17. h4 Nh5 18. Qh2 Nf4 19. Bxf4 gxf4 20. 0-0-0 f6 21. Rhe1 Rb8 22. Re2 Kf7 23. Rc2 Rb7 24. Rc4 Rhb8 25. Rd2 Qd7 26. Rdc2 Ke8 27. h5 Qf5 28. Rd2 Qg4 29. f3 Qd7 30. Rdc2 a3 31. b3 a5 32. Qh4 Qf5 33. Kd2 Kd7 34. Rc6 Rf8 35. Ra6 Rb6 36. Rxa5 Rg8 37. Qh1 Rg5 38. Ra7 Qe6 39. Rcxc7+ Kd6 40. Ke2 Rc6 41. Rxc6+ Kxc6 42. Ra6+ Kd7 43. Rxe6 Kxe6 44. Kf2 Rg7 45. Qc1 Kf5 46. Qxa3 Rc7 47. Qb2 Kg5 48. b4 Rc3 49. Qb1 f5 50. b5 e4 51. dxe4 d3 52. Ke1 fxe4 53. fxe4 Rc2 54. Qxc2 dxc2 55. Kd2 1-0